00818nas a2200241 450000500170000000800410001702200130005808200410007110000380011210000380015024500950018826000150028326000320029826000090033030000200033944000340035965000330039365000190042665000340044594200080047977300720048799900170055920181003094023.0181003b xxu||||| |||| 00| 0 spa d a16593359 aTEC Empresarial Vol. 12, N° 2, 2018 aMartínez Solís, Keller950091 aVásquez Esquivel, Ivonne950092 aEl rol de la gerencia en la adopción del comercio: el caso de las mipymes costarricenses aCosta Rica bTecnológica de Costa Rica c2018 a45-53 páginas aTEC Empresarialn2v12950093 aCOMERCIO ELECTRÓNICO91922 aMIPYMES933612 aPAÍSES EN DESARROLLO927628 cREV0 08043932131abdCosta RicaoTE18212tTEC Empresarialwx16592395z c11224d11224